| 000 | 00624 a2200181 4500 | ||
|---|---|---|---|
| 005 | 20121030111654.0 | ||
| 008 | 121030t xxu||||| |||| 00| 0 eng d | ||
| 080 |
_a536 _bWAS |
||
| 100 |
_aWasserman, Allen L _922040 |
||
| 245 |
_aThermal physics _bconcepts and practice |
||
| 300 | _axiii, 303 p. | ||
| 653 | _aThermodynamics | ||
| 653 | _aQuantum mechanics- Thermal physics | ||
| 942 | _cBK | ||
| 260 |
_bCambridge University Press _c2012 _aNew York _922041 |
||
| 020 | _a9781107006492 | ||
| 952 |
_w2012-03-02 _p00067673 _v0.00 _r2012-03-02 _40 _e89 _00 _bUL _10 _o536 WAS _d2012-03-02 _70 _cGEN _2udc _g0.00 _yBK _aUL |
||
| 999 |
_c75021 _d75020 |
||